000 00244nam a2200097Ia 4500
001 1220795
005 20250827092817.0
008 250824s9999 xx 000 0 und d
245 0 _aNE OKURSAN O OLUR
_cROBERT DIYANNI
260 _bANTRE YAYINCILIK
999 _c1220795
_d1220795